Normal view MARC view

Entry Personal Name

Number of records used in: 2

001 - CONTROL NUMBER

  • control field: 24941

003 - CONTROL NUMBER IDENTIFIER

  • control field: dpl

005 - DATE AND TIME OF LATEST TRANSACTION

  • control field: 20101220113932.0

008 - FIXED-LENGTH DATA ELEMENTS

  • fixed length control field: 101220|||a|||||| | ||| d

040 ## - CATALOGING SOURCE

  • Original cataloging agency: dpl
  • Transcribing agency: dpl

100 ## - HEADING--PERSONAL NAME

  • Personal name: Cassels, Nancy Gardner
  • Dates associated with a name: 1936-

670 ## - SOURCE DATA FOUND

  • Source citation: Work cat.: (dpl): Cassels, Nancy Gardner 1936-, Social legislations of the East India company :, 2010

670 ## - SOURCE DATA FOUND

  • Source citation: Work cat.: (dpl): Cassels, Nancy Gardner 1936-, Social legislations of the East India company :, 2010

© Delhi Public Library
Hit Counter
free hit counter